Normal view
MARC view
- Hargittai, Istvan
Entry Personal Name
001 - CONTROL NUMBER
- control field: 9022
003 - CONTROL NUMBER IDENTIFIER
- control field: NUST
005 - DATE AND TIME OF LATEST TRANSACTION
- control field: 20180119090108.0
008 - FIXED-LENGTH DATA ELEMENTS
- fixed length control field: 180119|| aca||aabn | a|a d
040 ## - CATALOGING SOURCE
- Original cataloging agency: NUST
- Transcribing agency: NUST
100 ## - HEADING--PERSONAL NAME
- Personal name: Hargittai, Istvan
670 ## - SOURCE DATA FOUND
- Source citation: Work cat.: (NUST)266653: Hargittai, Istvan, Combustion Efficiency and Air Quality, 1995
